[Event "HCL-A042"]
[Site "www.playchess.de"]
[Date "2000.11.28"]
[Round "8"]
[White "teenspirit"]
[Black "nomad"]
[WhiteElo "1798"]
[BlackElo "1613"]
[PlyCount "49"]
[Result "1-0"]

1.e4 e5 2.d4 exd4 3.Nf3 c5 4.Bc4 b5 5.Bd5 Nc6 6.c3 
dxc3 7.Nxc3 b4 8.Qb3 Qf6 9.Bg5 Qg6 10.Nb5 f6 
11.Nc7+ Kd8 12.Nxa8 fxg5 13.O-O-O Nge7 14.h4 gxh4 
15.Qe3 Nxd5 16.Rxd5 Bb7 17.Rhd1 Nd4 18.Rxd7+ Kxd7 
19.Ne5+ Kc8 20.Nxg6 hxg6 21.Qh3+ Kb8 22.Qd7 Bxa8 
23.Qd8+ Kb7 24.e5 Rh5 25.Qxf8 1-0

[Event "HCL-A048"]
[Site "www.playchess.de"]
[Date "2000.11.28"]
[Round "13"]
[White "klypp"]
[Black "Mathemagician"]
[WhiteElo "2073"]
[BlackElo "1541"]
[PlyCount "83"]
[Result "1-0"]

1.e4 c5 2.Nf3 d6 3.d4 cxd4 4.Nxd4 Nf6 5.Nc3 g6 
6.Be3 Bg7 7.f3 O-O 8.Qd2 Nc6 9.Bc4 Ne5 10.Bb3 Bd7 
11.O-O-O Rc8 12.g4 b5 13.g5 Nh5 14.Ncxb5 Bxb5 
15.Nxb5 Nxf3 16.Qe2 Ne5 17.Nxa7 Ra8 18.Rhf1 Qd7 
19.Nb5 Rfb8 20.Nc3 Qc7 21.Rd5 e6 22.Rd2 Bf8 
23.Rfd1 Ra5 24.Bd4 Nc6 25.Be3 Nb4 26.Kb1 Ng7 27.h4 
Be7 28.Bf4 Rb6 29.Qh2 e5 30.Be3 Rba6 31.Rf1 Ne6 
32.Qf2 Nd8 33.Bxf7+ Kh8 34.Bb3 Kg7 35.h5 gxh5 
36.Qe2 h4 37.Qh5 d5 38.Nxd5 Nxd5 39.Rxd5 Rxd5 
40.Bxd5 Rg6 41.Qxh4 Kh8 42.Qf2 1-0

[Event "HCL-B041"]
[Site "www.playchess.de"]
[Date "2000.11.28"]
[Round "17"]
[White "chesskidding"]
[Black "rrcn"]
[WhiteElo "1500"]
[BlackElo "1372"]
[PlyCount "77"]
[Result "1-0"]

1.e4 c5 2.d4 cxd4 3.c3 dxc3 4.Nxc3 d6 5.Nf3 Nf6 
6.Bc4 e6 7.O-O Nc6 8.Bg5 Be7 9.Bb3 h6 10.Bh4 O-O 
11.Qe2 Ng4 12.Bxe7 Qxe7 13.Rad1 Nge5 14.Nd4 Rd8 
15.f4 Nxd4 16.Rxd4 Nc6 17.Rdd1 b6 18.Kh1 Bb7 
19.Qg4 Nb4 20.f5 exf5 21.Qxf5 Rdf8 22.a3 Nc6 
23.Nd5 Qe5 24.Qd7 Rab8 25.Qg4 Bc8 26.Qe2 Nd4 
27.Qd3 Nxb3 28.Qxb3 Qxe4 29.Rde1 Qh4 30.Ne7+ Kh7 
31.Qd3+ f5 32.Qxd6 Ba6 33.Qg6+ Kh8 34.Qe6 Kh7 
35.Rxf5 Bc4 36.Qe5 Rxf5 37.Nxf5 Qxe1+ 38.Qxe1 Rf8 
39.Ng3 1-0

[Event "HCL-B060"]
[Site "www.playchess.de"]
[Date "2000.11.28"]
[Round "34"]
[White "jabbaman"]
[Black "Pelikan"]
[WhiteElo "1232"]
[BlackElo "1228"]
[PlyCount "60"]
[Result "0-1"]

1.e4 c5 2.f4 Nc6 3.Nf3 d6 4.b3 Nf6 5.d3 g6 6.Bb2 
Bg7 7.Be2 O-O 8.O-O b5 9.Nbd2 Re8 10.h3 d5 11.g4 
Nxg4 12.hxg4 Bxb2 13.Rb1 Bg7 14.Kg2 Bxg4 15.Rh1 
Rc8 16.Rh4 Bxf3+ 17.Nxf3 e5 18.Qh1 exf4 19.Rxh7 
Nd4 20.Qh3 dxe4 21.dxe4 Nxe2 22.Rh1 f5 23.Rxg7+ 
Kxg7 24.Qh6+ Kf7 25.Ng5+ Kf6 26.Nh7+ Ke5 27.Ng5 
Qf6 28.exf5 Qxf5 29.Qg7+ Kd6 30.Nf7+ 
Kc6 0-1

[Event "HCL-B082"]
[Site "www.playchess.de"]
[Date "2000.11.28"]
[Round "2"]
[White "Holte"]
[Black "Erik"]
[WhiteElo "1200"]
[BlackElo "1300"]
[PlyCount "105"]
[Result "1/2-1/2"]

1.d4 Nf6 2.e3 d5 3.Nc3 e6 4.a3 Bd6 5.Nf3 O-O 6.Bd3 
a6 7.O-O c5 8.dxc5 Bxc5 9.h3 Nc6 10.Na4 Qd6 11.Qd2 
b5 12.Nxc5 Qxc5 13.b4 Qd6 14.Bb2 e5 15.Rfd1 e4 
16.Bxf6 Qxf6 17.Nd4 Nxd4 18.Bxe4 dxe4 19.Qxd4 Qxd4 
20.Rxd4 Re8 21.Rad1 Bf5 22.c4 bxc4 23.Rxc4 g5 
24.Rd5 Bg6 25.Rxg5 f5 26.h4 Kh8 27.h5 Bf7 28.Rc7 
Ref8 29.g4 fxg4 30.Rxg4 Bxh5 31.Rxe4 Rf7 32.Rxf7 
Bxf7 33.f4 Rg8+ 34.Kf2 Bd5 35.Re5 Rg2+ 36.Kf1 Rd2 
37.e4 Bc4+ 38.Ke1 Ra2 39.Re8+ Kg7 40.e5 Rxa3 41.f5 
Kf7 42.Rc8 Bb5 43.Rc7+ Ke8 44.Rxh7 Re3+ 45.Kf2 
Rxe5 46.Rh5 Bd3 47.Kf3 Rxf5+ 48.Rxf5 Bxf5 49.Ke3 
Kd7 50.Kd4 Kc6 51.Kc4 Be6+ 52.Kd4 Kb5 
53.Kc3 1/2-1/2

[Event "HCL-B092"]
[Site "www.playchess.de"]
[Date "2000.11.28"]
[Round "1"]
[White "Szava"]
[Black "pang83"]
[WhiteElo "1200"]
[BlackElo "1200"]
[PlyCount "23"]
[Result "0-1"]

1.d4 g6 2.e4 Bg7 3.c4 d5 4.cxd5 e5 5.dxe6 e.p 
6.Bxe6 Be3 7.f5 e5 8.b6 Nc3 9.Nf6 exf6 10.Bxf6 Nf3 
11.Nc6 Bb5 12.Bd7 0-1

[Event "HCL-B092"]
[Site "www.playchess.de"]
[Date "2000.11.28"]
[Round "4"]
[White "Szava"]
[Black "SAROS"]
[WhiteElo "1200"]
[BlackElo "1262"]
[PlyCount "24"]
[Result "0-1"]

1.e4 c6 2.d4 e6 3.c4 Bb4+ 4.Bd2 Bxd2+ 5.Nxd2 Ne7 
6.Bd3 d6 7.Ngf3 Nd7 8.O-O b6 9.b4 a6 10.Qc2 e5 
11.d5 c5 12.bxc5 bxc5 0-1

[Event "HCL-B098"]
[Site "www.playchess.de"]
[Date "2000.11.28"]
[Round "2"]
[White "markjburden"]
[Black "shepherd"]
[WhiteElo "1280"]
[BlackElo "1581"]
[PlyCount "49"]
[Result "1-0"]

1.d4 Nf6 2.c4 g6 3.e3 Bg7 4.Nf3 d6 5.h3 O-O 6.Bd3 
Nbd7 7.O-O b6 8.Nc3 c5 9.Re1 Bb7 10.d5 e5 11.e4 
Nh5 12.Rb1 Bh8 13.Bh6 Ng7 14.Ng5 Nh5 15.Bxf8 Qxg5 
16.Bxd6 Qf6 17.Bc7 Rc8 18.d6 Rf8 19.Nd5 Qh4 20.Qa4 
Bxd5 21.cxd5 Ndf6 22.d7 Nf4 23.Bf1 Ng4 24.hxg4 
Qxg4 25.d8Q 1-0

[Event "HCL-B099"]
[Site "www.playchess.de"]
[Date "2000.11.28"]
[Round "18"]
[White "Hicks"]
[Black "tim_danieli"]
[WhiteElo "1098"]
[BlackElo "1844"]
[PlyCount "47"]
[Result "1-0"]

1.e3 d5 2.Bb5+ c6 3.Ba4 Nf6 4.h4 e5 5.Nf3 Bd6 6.d4 
Bg4 7.Rh3 Bxh3 8.gxh3 Nbd7 9.e4 Nxe4 10.Bg5 Qa5+ 
11.Nc3 Nxc3 12.bxc3 Qxa4 13.Rb1 b6 14.h5 h6 15.Bh4 
Qc4 16.Qd3 Qxa2 17.Qd1 O-O 18.Ra1 Qc4 19.Nd2 Qxc3 
20.Rb1 Rae8 21.Rb3 Qxd4 22.Rg3 Qxh4 23.Qa1 e4 
24.Qxg7+ 1-0

[Event "HCL-B104"]
[Site "www.playchess.de"]
[Date "2000.11.28"]
[Round "17"]
[White "hamgon"]
[Black "fadda"]
[WhiteElo "1785"]
[BlackElo "1500"]
[PlyCount "44"]
[Result "1/2-1/2"]

1.d4 d5 2.c4 dxc4 3.e4 e6 4.Bxc4 Bb4+ 5.Bd2 Qxd4 
6.Bb5+ c6 7.Nf3 Qxe4+ 8.Be2 Nf6 9.O-O O-O 10.Bg5 
Nbd7 11.a3 Be7 12.Nc3 Qf5 13.Bd3 Qc5 14.Rc1 Nd5 
15.Ne4 Qb6 16.Bxe7 Nxe7 17.Qc2 Nd5 18.Neg5 g6 
19.Nxe6 fxe6 20.Bxg6 hxg6 21.Qxg6+ Kh8 22.Qh6+ 
Kg8 1/2-1/2

[Event "HCL-B112"]
[Site "www.playchess.de"]
[Date "2000.11.28"]
[Round "3"]
[White "xx"]
[Black "paule"]
[WhiteElo "1500"]
[BlackElo "1807"]
[PlyCount "22"]
[Result "1/2-1/2"]

1.c4 e5 2.Nc3 f5 3.e4 Nf6 4.exf5 Bc5 5.g4 O-O 
6.Bg2 d6 7.h3 c6 8.Nge2 g6 9.fxg6 Nxg4 10.gxh7+ 
Kh8 11.hxg4 Bxf2+ 1/2-1/2

[Event "HCL-B114"]
[Site "www.playchess.de"]
[Date "2000.11.28"]
[Round "4"]
[White "JayKay"]
[Black "Federviech"]
[WhiteElo "1734"]
[BlackElo "964"]
[PlyCount "23"]
[Result "1-0"]

1.e4 e5 2.Nf3 f6 3.Nc3 Nc6 4.Bc4 Nh6 5.O-O Bc5 
6.d4 exd4 7.Nxd4 Nxd4 8.Qh5+ g6 9.Qxc5 Nxc2 
10.Bxh6 d6 11.Qd5 Bg4 12.Qf7+ 1-0

[Event "HCL-B114"]
[Site "www.playchess.de"]
[Date "2000.11.28"]
[Round "20"]
[White "Slide"]
[Black "PDelaquess"]
[WhiteElo "1535"]
[BlackElo "1422"]
[PlyCount "63"]
[Result "1-0"]

1.e4 e5 2.Nf3 Nc6 3.Bc4 Bc5 4.c3 Nf6 5.d3 d6 6.O-O 
O-O 7.Bg5 Be6 8.Bxe6 fxe6 9.Qb3 d5 10.Qxb7 Na5 
11.Qb5 Bb6 12.Nxe5 Qd6 13.Bxf6 Rxf6 14.d4 dxe4 
15.Nd2 Qd5 16.Qe2 c5 17.Nxe4 Rf4 18.Nxc5 Bxc5 
19.dxc5 Re4 20.Qb5 Rxe5 21.Qxa5 Rg5 22.f3 Rf8 
23.Rad1 Qc4 24.Rd8 Rxc5 25.Rxf8+ Kxf8 26.Qxa7 Rc7 
27.Qb8+ Kf7 28.Qb3 Qxb3 29.axb3 Rb7 30.b4 Rd7 
31.g3 Rd2 32.Rf2 1-0

[Event "HCL-B116"]
[Site "www.playchess.de"]
[Date "2000.11.28"]
[Round "7"]
[White "Federviech"]
[Black "plobi"]
[WhiteElo "964"]
[BlackElo "1500"]
[PlyCount "38"]
[Result "1/2-1/2"]

1.e4 c5 2.c3 e6 3.Bc4 Nf6 4.d3 d5 5.Bb5+ Bd7 6.Na3 
Bxb5 7.Nxb5 Qb6 8.a4 a5 9.Nf3 c4 10.Bf4 dxe4 
11.Bc7 Qc5 12.d4 Qc6 13.Ne5 Qd5 14.Qe2 g6 15.f3 
exf3 16.Qxf3 Qxf3 17.gxf3 Nc6 18.h4 Rc8 19.Nxc4 
Nd5 1/2-1/2

[Event "HCL-B119"]
[Site "www.playchess.de"]
[Date "2000.11.28"]
[Round "3"]
[White "Taher"]
[Black "plobi"]
[WhiteElo "1551"]
[BlackElo "1500"]
[PlyCount "35"]
[Result "1-0"]

1.d4 d5 2.Bg5 h6 3.Bh4 Bg4 4.f3 Bh5 5.e3 g5 6.Bf2 
Nc6 7.a3 f6 8.Bd3 Qd6 9.b4 a6 10.Nd2 O-O-O 11.b5 
Na5 12.bxa6 bxa6 13.c4 e5 14.Bf5+ Kb7 15.Rb1+ Ka8 
16.Qa4 Nb7 17.c5 Qe7 18.Qxa6+ 1-0

[Event "HCL-B121"]
[Site "www.playchess.de"]
[Date "2000.11.28"]
[Round "21"]
[White "Simka"]
[Black "Gruhni"]
[WhiteElo "1200"]
[BlackElo "1404"]
[PlyCount "33"]
[Result "1-0"]

1.e4 e5 2.Nf3 Nc6 3.d4 d6 4.Bb5 exd4 5.Nxd4 Bd7 
6.Nc3 Nxd4 7.Bxd7+ Qxd7 8.Qxd4 Nf6 9.Bf4 Be7 
10.O-O-O O-O 11.e5 Ne8 12.Rhe1 Qc6 13.Nd5 Bd8 
14.h3 dxe5 15.Bxe5 Bf6 16.Bxf6 Kh8 
17.Rxe8 1-0

[Event "HCL-B122"]
[Site "www.playchess.de"]
[Date "2000.11.28"]
[Round "8"]
[White "nadavies_uk"]
[Black "Jeff_Foster"]
[WhiteElo "1396"]
[BlackElo "1231"]
[PlyCount "32"]
[Result "0-1"]

1.d4 Nf6 2.c4 g6 3.Nc3 Bg7 4.e4 d6 5.f3 O-O 6.Be3 
Nbd7 7.Qd2 c5 8.e5 cxd4 9.Bxd4 Nxe5 10.Nge2 Nxc4 
11.Bxf6 Nxd2 12.Kxd2 Bxf6 13.Rd1 Qb6 14.Nd5 Qxb2+ 
15.Ke1 Qxa2 16.Nc7 Qa5+ 0-1

[Event "HCL-B126"]
[Site "www.playchess.de"]
[Date "2000.11.28"]
[Round "4"]
[White "Bauernopfer"]
[Black "Gruhni"]
[WhiteElo "1368"]
[BlackElo "1386"]
[PlyCount "71"]
[Result "1-0"]

1.e4 e5 2.Bc4 Nf6 3.d3 Bc5 4.Nf3 d6 5.O-O h6 6.h3 
Nc6 7.Nc3 O-O 8.a3 Be6 9.Bxe6 fxe6 10.Qe2 Nd4 
11.Nxd4 exd4 12.Na4 e5 13.Nxc5 dxc5 14.b3 b5 15.a4 
c6 16.Bd2 a5 17.Qe1 b4 18.f3 Ra7 19.Qg3 Kh7 
20.Qxe5 Nd7 21.Qd6 Qf6 22.Qxf6 Nxf6 23.Rae1 g5 
24.g3 Raf7 25.Kg2 Kg6 26.f4 Nh5 27.f5+ Kh7 28.g4 
Nf6 29.Kg3 Rg8 30.e5 Nd5 31.e6 Rf6 32.h4 Rg7 
33.hxg5 hxg5 34.Rfh1+ Rh6 35.Rxh6+ Kxh6 
36.Rh1+ 1-0

[Event "HCL-B126"]
[Site "www.playchess.de"]
[Date "2000.11.28"]
[Round "32"]
[White "Gruhni"]
[Black "supadude"]
[WhiteElo "1386"]
[BlackElo "1200"]
[PlyCount "51"]
[Result "1-0"]

1.e4 e5 2.Nf3 Nc6 3.Bc4 Nf6 4.d3 Bc5 5.Nc3 d6 
6.Bg5 O-O 7.Nd5 Re8 8.Qd2 Be6 9.Nxf6+ gxf6 10.Bxe6 
Rxe6 11.Bh4 Qf8 12.O-O-O Nd4 13.Nxd4 Bxd4 14.c3 
Bb6 15.g3 c6 16.f4 Qh6 17.Kc2 d5 18.f5 Qxd2+ 
19.Rxd2 Rd6 20.g4 Be3 21.Re2 Bg5 22.Bxg5 fxg5 
23.h4 h6 24.hxg5 hxg5 25.Reh2 Rad8 
26.f6 1-0

[Event "HCL-C060"]
[Site "www.playchess.de"]
[Date "2000.11.28"]
[Round "7"]
[White "BuckNaked"]
[Black "pandatrax"]
[WhiteElo "1000"]
[BlackElo "1000"]
[PlyCount "57"]
[Result "1-0"]

1.d4 d5 2.Nf3 Nc6 3.e3 Nf6 4.Bd2 Bg4 5.Nc3 e6 
6.Qe2 Bd6 7.Nb5 O-O 8.Nxd6 cxd6 9.h3 Bxf3 10.Qxf3 
Ne4 11.O-O-O Rc8 12.Bd3 Qf6 13.Qxf6 gxf6 14.Be1 
Nb4 15.Bxb4 Rfd8 16.Be1 e5 17.h4 Rc6 18.f3 f5 
19.fxe4 dxe4 20.Bb5 Rcc8 21.Rf1 f4 22.exf4 exf4 
23.Rxf4 a6 24.Ba5 Rdf8 25.Bd7 Rcb8 26.Rxe4 b6 
27.Bb4 Rbd8 28.Bxd6 Rxd7 29.Rg4+ 1-0

[Event "HCL-C061"]
[Site "www.playchess.de"]
[Date "2000.11.28"]
[Round "8"]
[White "MMSteve"]
[Black "Cally"]
[WhiteElo "1000"]
[BlackElo "1000"]
[PlyCount "52"]
[Result "0-1"]

1.Nf3 Nf6 2.d4 e6 3.Bg5 Be7 4.e3 d6 5.Na3 Nbd7 
6.Be2 e5 7.O-O O-O 8.dxe5 dxe5 9.Bxf6 Bxf6 10.Qd6 
cxd6 11.Rad1 Qe7 12.Bc4 a6 13.Rd5 Rb8 14.c3 b5 
15.Bd3 Bb7 16.Rxe5 Bxe5 17.Nc2 Nc5 18.Rd1 Bxf3 
19.Re1 Nxd3 20.Kf1 Nxe1 21.Nxe1 Bd5 22.g3 b4 23.h4 
bxc3 24.bxc3 Bxc3 25.Nc2 Rb1+ 26.Ke2 
Bc4+ 0-1

[Event "HCL-C071"]
[Site "www.playchess.de"]
[Date "2000.11.28"]
[Round "34"]
[White "kablea"]
[Black "Yogesh"]
[WhiteElo "1000"]
[BlackElo "1038"]
[PlyCount "21"]
[Result "1-0"]

1.d4 d5 2.c4 Nf6 3.Nc3 dxc4 4.e3 e6 5.Bxc4 Bb4 
6.Qb3 Bxc3+ 7.bxc3 O-O 8.Ba3 Re8 9.Nf3 c6 10.Bd3 
b5 11.Rb1 1-0

[Event "HCL-C082"]
[Site "www.playchess.de"]
[Date "2000.11.28"]
[Round "6"]
[White "tyson"]
[Black "lulu"]
[WhiteElo "800"]
[BlackElo "1000"]
[PlyCount "34"]
[Result "0-1"]

1.d4 d5 2.Nc3 e6 3.Nf3 c5 4.e3 a6 5.g3 Nf6 6.Bh3 
Nbd7 7.Ne5 Nxe5 8.dxe5 Nd7 9.f4 Nb6 10.Bd2 Nc4 
11.Bc1 b5 12.b3 Nb6 13.a4 Bb7 14.Bg2 Qd7 15.Bd2 d4 
16.Ne4 b4 17.exd4 Qxd4 0-1

[Event "HCL-C102"]
[Site "www.playchess.de"]
[Date "2000.11.28"]
[Round "1"]
[White "Nunogomez"]
[Black "Jaco"]
[WhiteElo "878"]
[BlackElo "1000"]
[PlyCount "44"]
[Result "0-1"]

1.e4 e5 2.Nf3 Nc6 3.Bc4 Nf6 4.Ng5 d5 5.exd5 h6 
6.Nxf7 Kxf7 7.dxc6+ Ke8 8.Bb5 b6 9.Nc3 Bc5 10.Nd5 
Nxd5 11.Qh5+ Kf8 12.Qxe5 Nb4 13.Qc3 Qe8+ 14.Kd1 
Qe7 15.Re1 Be6 16.d4 Qd6 17.g3 Rd8 18.Bf4 Qxd4+ 
19.Kc1 Nxa2+ 20.Rxa2 Bxa2 21.Qf3 Qf6 22.b3 
Qa1+ 0-1

[Event "HCL-C102"]
[Site "www.playchess.de"]
[Date "2000.11.28"]
[Round "22"]
[White "Nunogomez"]
[Black "locko"]
[WhiteElo "878"]
[BlackElo "1000"]
[PlyCount "63"]
[Result "1-0"]

1.b3 d5 2.Bb2 f6 3.f3 f5 4.e3 c6 5.c4 e6 6.cxd5 
cxd5 7.Bb5+ Nc6 8.Qc1 Bd7 9.Na3 Qa5 10.Ne2 a6 
11.Ba4 b5 12.b4 Qxb4 13.Bb3 a5 14.Bc3 Qh4+ 15.g3 
Qh3 16.Qb2 Qg2 17.Rg1 Qxh2 18.Bxg7 Bxg7 19.Qxg7 
Nce7 20.Qxh8 Kf7 21.Qd4 Qh5 22.g4 fxg4 23.O-O-O 
gxf3 24.Nf4 e5 25.Bxd5+ Kf8 26.Nxh5 f2 27.Qxe5 
Rc8+ 28.Nc2 fxg1Q 29.Rxg1 Nxd5 30.Rf1+ Ndf6 
31.Nxf6 Bh3 32.Nxh7+ 1-0

[Event "HCL-C102"]
[Site "www.playchess.de"]
[Date "2000.11.28"]
[Round "30"]
[White "Jaco"]
[Black "Robama"]
[WhiteElo "1000"]
[BlackElo "1401"]
[PlyCount "37"]
[Result "1-0"]

1.e4 e6 2.d4 Bb4+ 3.Nc3 b6 4.Nf3 h6 5.Bd3 Ba6 
6.O-O Nf6 7.a3 Bd6 8.e5 Be7 9.exf6 gxf6 10.Be3 h5 
11.Qe2 Nc6 12.Bxa6 Na5 13.d5 exd5 14.Nxd5 Bd6 
15.Bg5+ Be7 16.Bxf6 O-O 17.Nxe7+ Kh7 18.Bd3+ Kh6 
19.Qe3+ 1-0

[Event "HCL-C103"]
[Site "www.playchess.de"]
[Date "2000.11.28"]
[Round "11"]
[White "egonx"]
[Black "JeanPierre"]
[WhiteElo "1000"]
[BlackElo "1577"]
[PlyCount "30"]
[Result "0-1"]

1.e4 Nf6 2.e5 Nd5 3.Bc4 Nb6 4.b3 Nxc4 5.bxc4 d6 
6.f4 dxe5 7.Ne2 Bg4 8.fxe5 Nc6 9.d4 Bxe2 10.Qxe2 
Qxd4 11.c3 Qxe5 12.Nd2 Qxe2+ 13.Kxe2 O-O-O 14.Rf1 
f6 15.Ba3 e5 0-1

[Event "HCL-C106"]
[Site "www.playchess.de"]
[Date "2000.11.28"]
[Round "8"]
[White "uneek"]
[Black "O_Man"]
[WhiteElo "1052"]
[BlackElo "1000"]
[PlyCount "47"]
[Result "1-0"]

1.d4 f5 2.Bg5 h6 3.Bh4 Nf6 4.Bxf6 exf6 5.e4 fxe4 
6.Qh5+ Ke7 7.Nc3 c6 8.Nxe4 d5 9.Ng3 Qd6 10.O-O-O 
Be6 11.Nf5+ Bxf5 12.Qxf5 Kd8 13.Nf3 a5 14.Nh4 g5 
15.Ng6 Rg8 16.Nxf8 Rxf8 17.g3 a4 18.a3 b5 19.Bh3 
b4 20.Qc8+ Ke7 21.Rde1+ Kf7 22.Qb7+ Nd7 23.Bxd7 
bxa3 24.Bf5+ 1-0

[Event "HCL-C106"]
[Site "www.playchess.de"]
[Date "2000.11.28"]
[Round "14"]
[White "Trickster"]
[Black "Tarahumara"]
[WhiteElo "1000"]
[BlackElo "1113"]
[PlyCount "44"]
[Result "0-1"]

1.e4 e5 2.d3 Qf6 3.Nf3 Bc5 4.Bg5 Qe6 5.Be3 Bxe3 
6.fxe3 d5 7.Ng5 Qg6 8.Nh3 Nf6 9.exd5 Nxd5 10.Qd2 
e4 11.d4 a6 12.Qa5 Nxe3 13.Qa4+ c6 14.Nf4 Qf5 
15.g3 O-O 16.Bh3 Qf6 17.Bxc8 Rxc8 18.Qb3 Ng4 
19.Nh5 Qf2+ 20.Kd1 e3 21.Qd3 Qf3+ 22.Ke1 
Qxh1+ 0-1

[Event "HCL-C107"]
[Site "www.playchess.de"]
[Date "2000.11.28"]
[Round "4"]
[White "sonnygarcia"]
[Black "smsemb"]
[WhiteElo "1078"]
[BlackElo "1000"]
[PlyCount "60"]
[Result "0-1"]

1.e4 Nf6 2.e5 Nd5 3.d4 d6 4.Nf3 Bg4 5.Be2 c6 6.c4 
Nb6 7.O-O Bxf3 8.gxf3 dxe5 9.dxe5 Qxd1 10.Rxd1 e6 
11.b3 N8d7 12.f4 O-O-O 13.Be3 Be7 14.Nc3 f6 
15.Bxb6 Nxb6 16.Rxd8+ Rxd8 17.Bg4 f5 18.Be2 Bb4 
19.Nd1 Rd4 20.a3 Bd2 21.c5 Nd5 22.Ne3 Nxe3 23.fxe3 
Bxe3+ 24.Kg2 Bxf4 25.Bc4 Kd7 26.Re1 Re4 27.Rd1+ 
Ke7 28.Rd6 Rxe5 29.h3 Bc1 30.a4 
Ba3 0-1

[Event "HCL-C108"]
[Site "www.playchess.de"]
[Date "2000.11.28"]
[Round "20"]
[White "helmet"]
[Black "Tarahumara"]
[WhiteElo "1222"]
[BlackElo "1114"]
[PlyCount "55"]
[Result "1-0"]

1.d4 d5 2.c4 g6 3.cxd5 Qxd5 4.Nc3 Qf5 5.e4 Qd7 
6.Bf4 Nc6 7.Bb5 a6 8.d5 axb5 9.dxc6 Qxc6 10.Nd5 
Ra4 11.Nxc7+ Qxc7 12.Bxc7 Rxe4+ 13.Ne2 Bd7 14.O-O 
Nf6 15.Nc3 Re5 16.Bxe5 Bh6 17.Re1 O-O 18.Bxf6 exf6 
19.Qxd7 f5 20.Rad1 Kg7 21.Re8 b4 22.Nd5 b5 23.Rxf8 
Kxf8 24.Nf6 Kg7 25.Ne8+ Kf8 26.Re1 b3 27.Qd4 bxa2 
28.Qh8+ 1-0

[Event "HCL-C112"]
[Site "www.playchess.de"]
[Date "2000.11.28"]
[Round "5"]
[White "locko"]
[Black "orange"]
[WhiteElo "725"]
[BlackElo "853"]
[PlyCount "44"]
[Result "0-1"]

1.g3 e5 2.e4 Nf6 3.d3 d5 4.f3 Bb4+ 5.c3 Ba5 6.b4 
Bb6 7.a4 a5 8.h4 c6 9.g4 Bc7 10.c4 axb4 11.Qb3 Ba5 
12.g5 Nh5 13.Be2 Nf4 14.Qb2 b3+ 15.Bd2 Qb6 16.Nc3 
Bxc3 17.Qxc3 Nd7 18.a5 Rxa5 19.Rxa5 b2 20.Bc1 b1Q 
21.Ra1 Q1b4 22.Ra3 Qxc3+ 0-1

[Event "HCL-C116"]
[Site "www.playchess.de"]
[Date "2000.11.28"]
[Round "5"]
[White "O_Man"]
[Black "Robama"]
[WhiteElo "1083"]
[BlackElo "984"]
[PlyCount "31"]
[Result "1-0"]

1.e4 d5 2.exd5 Qxd5 3.Nc3 Qe5+ 4.Nge2 Nf6 5.d4 Qf5 
6.Ng3 Qe6+ 7.Be3 Ng4 8.Qf3 Na6 9.d5 Qb6 10.Bxb6 
axb6 11.Bb5+ Kd8 12.O-O-O Nb4 13.Bc6 Nxa2+ 14.Nxa2 
Rxa2 15.Qxf7 g6 16.Qe8+ 1-0

[Event "HCL-C116"]
[Site "www.playchess.de"]
[Date "2000.11.28"]
[Round "7"]
[White "exoticorn"]
[Black "rafita"]
[WhiteElo "1162"]
[BlackElo "1243"]
[PlyCount "56"]
[Result "0-1"]

1.Nf3 Nf6 2.g3 c5 3.Bg2 Nc6 4.O-O d5 5.d4 cxd4 
6.Nxd4 e5 7.Nb3 Be7 8.Nc3 Be6 9.Bg5 d4 10.Ne4 Nxe4 
11.Bxe7 Nxf2 12.Rxf2 Qxe7 13.a3 O-O 14.Qd3 Rac8 
15.Qb5 b6 16.Bxc6 Qd6 17.Be4 f5 18.Bg2 Rxc2 19.Nc1 
Rfc8 20.Nd3 e4 21.Nf4 g6 22.Rd1 Bc4 23.Qa4 Rxb2 
24.Rc1 b5 25.Qxa7 Ra2 26.Rff1 Rxa3 27.Qb7 Rca8 
28.Nh3 R3a7 0-1

[Event "HCL-C116"]
[Site "www.playchess.de"]
[Date "2000.11.28"]
[Round "9"]
[White "exoticorn"]
[Black "lulu"]
[WhiteElo "1162"]
[BlackElo "1194"]
[PlyCount "66"]
[Result "0-1"]

1.Nf3 d5 2.g3 Nf6 3.Bg2 e6 4.O-O c5 5.d4 Nc6 6.Bg5 
cxd4 7.Nxd4 Nxd4 8.Qxd4 Be7 9.Nc3 Bd7 10.e4 Bc6 
11.exd5 exd5 12.Rfe1 O-O 13.Rad1 Re8 14.Be3 Qa5 
15.a3 b6 16.Re2 Rad8 17.Bg5 Bc5 18.Rxe8+ Rxe8 
19.Qd3 Ne4 20.Nxe4 dxe4 21.Qe2 Bxf2+ 22.Qxf2 Qxg5 
23.Re1 f5 24.Bh3 Rf8 25.Qf1 b5 26.a4 a6 27.a5 g6 
28.b4 Qd2 29.Rb1 Rd8 30.Qe1 e3 31.Bf1 Qd4 32.Be2 
Qe4 33.Qf1 Qh1+ 0-1

[Event "HCL-C120"]
[Site "www.playchess.de"]
[Date "2000.11.28"]
[Round "32"]
[White "DrNickRiviera"]
[Black "MarcoPolo"]
[WhiteElo "1000"]
[BlackElo "1224"]
[PlyCount "22"]
[Result "0-1"]

1.e3 Nf6 2.b3 e6 3.Nc3 b6 4.g4 Bb7 5.f3 Ba6 6.Nh3 
Bd6 7.g5 Nd5 8.f4 f5 9.e4 Nxf4 10.Nxf4 Bxf4 11.h4 
Bg3+ 0-1

[Event "HCL-C121"]
[Site "www.playchess.de"]
[Date "2000.11.28"]
[Round "11"]
[White "Alcoholic"]
[Black "Controler"]
[WhiteElo "1474"]
[BlackElo "1044"]
[PlyCount "75"]
[Result "1-0"]

1.e4 d5 2.exd5 Qxd5 3.Nc3 Qe5+ 4.Be2 e6 5.Nf3 Qc5 
6.d4 Qb6 7.O-O Bb4 8.a3 Bxc3 9.bxc3 Nf6 10.Bg5 O-O 
11.Bxf6 gxf6 12.Qd2 Nc6 13.Qh6 Ne7 14.Qxf6 Ng6 
15.Ne5 c5 16.Ng4 h5 17.Nh6+ Kh7 18.Nxf7 e5 19.Qxb6 
axb6 20.Nxe5 Re8 21.Bxh5 Bf5 22.Rfe1 Bxc2 23.f4 
Ref8 24.Nxg6 Bxg6 25.Re7+ Rf7 26.Rxf7+ Bxf7 
27.Bxf7 Rf8 28.Bd5 Rxf4 29.Rf1 Rh4 30.Rf7+ Kg6 
31.Rxb7 cxd4 32.Rxb6+ Kf5 33.g3 Rh5 34.cxd4 Kg4 
35.Kg2 Rxd5 36.h4 Ra5 37.Rg6+ Kh5 
38.Rg5+ 1-0

[Event "HCL-C129"]
[Site "www.playchess.de"]
[Date "2000.11.28"]
[Round "13"]
[White "Nutz"]
[Black "waxneedles"]
[WhiteElo "999"]
[BlackElo "816"]
[PlyCount "23"]
[Result "1-0"]

1.e4 Nc6 2.Bc4 Nf6 3.Nf3 Nxe4 4.Qe2 Nd6 5.d3 Nxc4 
6.dxc4 d6 7.O-O Bg4 8.h3 Nd4 9.Qe4 Nxf3+ 10.gxf3 
f5 11.Qd5 e6 12.Qxe6+ 1-0

[Event "HCL-C132"]
[Site "www.playchess.de"]
[Date "2000.11.28"]
[Round "2"]
[White "Thunder"]
[Black "rafita"]
[WhiteElo "1092"]
[BlackElo "1228"]
[PlyCount "22"]
[Result "0-1"]

1.e4 Nf6 2.e5 Nd5 3.c4 Nb6 4.c5 Nd5 5.Bc4 e6 6.Nf3 
Bxc5 7.d4 Be7 8.O-O Nb6 9.b3 d6 10.Nc3 Nc6 11.exd6 
cxd6 0-1

[Event "HCL-E007"]
[Site "www.playchess.de"]
[Date "2000.11.28"]
[Round "6"]
[White "Gearloose"]
[Black "seedythayer"]
[WhiteElo "2035"]
[BlackElo "2000"]
[PlyCount "54"]
[Result "0-1"]

1.e4 c6 2.d4 d5 3.e5 Bf5 4.Nc3 e6 5.g4 Bg6 6.Nge2 
Ne7 7.Nf4 Nd7 8.h4 h6 9.Nxg6 Nxg6 10.h5 Ne7 11.Ne2 
c5 12.c3 Nc6 13.Bh3 cxd4 14.cxd4 Bb4+ 15.Kf1 Qb6 
16.f4 a5 17.a3 Be7 18.b3 O-O-O 19.Bb2 Rdf8 20.f5 
f6 21.Rc1 fxe5 22.dxe5 Kb8 23.Nf4 Ncxe5 24.Qe2 
exf5 25.gxf5 Bf6 26.Nxd5 Qxb3 27.Rc3 
Qxd5 0-1

[Event "HCL-E009"]
[Site "www.playchess.de"]
[Date "2000.11.28"]
[Round "11"]
[White "Radost"]
[Black "Jozef"]
[WhiteElo "1949"]
[BlackElo "2153"]
[PlyCount "56"]
[Result "0-1"]

1.e4 e5 2.Nf3 Nc6 3.Bb5 Bc5 4.c3 d6 5.O-O a6 
6.Bxc6+ bxc6 7.d4 exd4 8.cxd4 Bb6 9.Bg5 f6 10.Bh4 
h5 11.h3 g5 12.Bg3 h4 13.Bh2 g4 14.hxg4 Bxg4 
15.Nbd2 h3 16.Qc2 hxg2 17.Rfe1 Qd7 18.Rac1 Ne7 
19.Qa4 Rh3 20.Re3 Kf7 21.Kxg2 Rg8 22.Bg3 f5 
23.exf5 Nxf5 24.Rec3 Nxg3 25.fxg3 Be6 26.Ne4 Bd5 
27.Nfd2 Rh4 28.Qd1 Qh3+ 0-1

[Event "HCL-E013"]
[Site "www.playchess.de"]
[Date "2000.11.28"]
[Round "3"]
[White "Goofy"]
[Black "Jeroen"]
[WhiteElo "2200"]
[BlackElo "2214"]
[PlyCount "43"]
[Result "1-0"]

1.d4 Nf6 2.c4 g6 3.Nc3 Bg7 4.e4 d6 5.f3 O-O 6.Be3 
e5 7.d5 c6 8.Bd3 b5 9.dxc6 bxc4 10.Bxc4 Nxc6 
11.Nge2 Be6 12.Bb3 Rb8 13.Nc1 Nd4 14.Bxe6 fxe6 
15.Nd3 Qa5 16.O-O Rfc8 17.Rc1 Nb5 18.Nxb5 Rxc1 
19.Nxc1 Rxb5 20.Qxd6 Rxb2 21.Qxe6+ Kh8 
22.Nd3 1-0

[Event "ACL-A033"]
[Site "www.playchess.de"]
[Date "2000.11.28"]
[Round "3"]
[White "sazex"]
[Black "satura"]
[WhiteElo "1760"]
[BlackElo "1832"]
[PlyCount "51"]
[Result "1/2-1/2"]

1.e4 e6 2.d4 d5 3.Nc3 Nf6 4.Bg5 Bb4 5.e5 h6 6.Bd2 
Bxc3 7.Bxc3 Ne4 8.Bd2 c5 9.Bd3 Nxd2 10.Qxd2 cxd4 
11.Nf3 Nc6 12.O-O O-O 13.a3 f6 14.Rfe1 Bd7 15.exf6 
Qxf6 16.Bb5 Rac8 17.Re2 Qf4 18.Rae1 Qxd2 19.Rxd2 
Rf4 20.Bxc6 bxc6 21.Nxd4 Rf6 22.Nf3 Kf7 23.c4 Be8 
24.Kf1 Rd8 25.Ne5+ Ke7 26.b4 1/2-1/2

[Event "ACL-A052"]
[Site "www.playchess.de"]
[Date "2000.11.28"]
[Round "6"]
[White "dmitry"]
[Black "peze2"]
[WhiteElo "1500"]
[BlackElo "1500"]
[PlyCount "47"]
[Result "0-1"]

1.e4 e5 2.Nf3 Nc6 3.Bc4 Nf6 4.Ng5 d5 5.exd5 Na5 
6.Bb5+ c6 7.dxc6 bxc6 8.Be2 h6 9.Nf3 e4 10.Ne5 Bd6 
11.d4 exd3 12.e.p Nxd3 13.Qc7 Be3 14.O-O Nc3 
15.Re8 Qd2 16.Nc4 Qc1 17.Nxe3 fxe3 18.Bxh2 Kd2 
19.Ba6 Qf1 20.Rad8 Rd1 21.Be5 Na4 22.Qa5+ Nc3 
23.Bxc3+ bxc3 24.Ne4+ 0-1